|
|
|
|
| LEADER |
00000cam a2200000 a 4500 |
| 001 |
vtls008352427 |
| 003 |
SK-MaSNL |
| 005 |
20260302085935.0 |
| 008 |
230501s1974 xo gr 000 f slo |
| 015 |
|
|
|a SNBA1974/07-02020
|
| 020 |
|
|
|q (viazané)
|
| 035 |
|
|
|a SK01SNK19740044644
|
| 035 |
|
|
|a F3F5B5F7-E449-43A4-9D62-943D2F9BF988
|
| 035 |
|
|
|a urn:nbn:sk:snk-am00iivr
|
| 035 |
|
|
|a SKM000047107
|
| 040 |
|
|
|a SNK
|b slo
|c SNK
|e AACR2
|
| 041 |
0 |
|
|a slo
|
| 044 |
|
|
|a xo
|c SK
|
| 072 |
|
7 |
|a 821.162.4-3
|x Slovenská próza
|2 konspekt
|
| 080 |
|
|
|a 821.162.4-31
|2 2011
|
| 100 |
1 |
|
|a Figuli, Margita,
|d 1909-1995
|4 aut
|9 54155
|
| 245 |
1 |
0 |
|a Víchor v nás
|c Margita Figuli
|
| 250 |
|
|
|a 1. vyd.
|
| 260 |
|
|
|a Bratislava
|b Slovenský spisovateľ
|c 1974
|e Bratislava
|f Svornosť
|
| 300 |
|
|
|a 405 strán
|c 20 cm
|
| 366 |
|
|
|e 8000 výtl.
|
| 490 |
1 |
|
|a Nová próza
|
| 500 |
|
|
|a Ilustrácie na frontispice
|
| 655 |
|
7 |
|a slovenské romány
|2 SNKPH
|9 70324
|
| 830 |
|
0 |
|a Nová próza
|9 276824
|
| 852 |
|
|
|a Slovenská národná knižnica
|
| 954 |
|
|
|a beletria pôvodná (slovenská)
|2 lita
|
| 958 |
|
|
|a RK
|
| 958 |
|
|
|a TL
|
| 958 |
|
|
|a LX
|
| 958 |
|
|
|a OND
|
| 958 |
|
|
|a EUIPO
|
| 999 |
|
|
|c 1194521
|d 1196451
|
| 952 |
|
|
|a SNK
|b SNK
|y PREZ
|7 0
|p 17A0960092
|o snkSC 34180
|i snkKSP 5136/74
|0 0
|1 0
|4 0
|d 2012-10-11
|f 1
|l 0
|r 2025-09-30 00:00:00
|w 2026-02-24
|
| 952 |
|
|
|a SNK
|b SNK
|y PREZ
|7 0
|p 17A0140056
|o snkSC 34180 D1
|0 0
|1 0
|4 0
|d 1998-05-15
|l 0
|r 2005-01-02 00:00:00
|w 2026-02-24
|
| 952 |
|
|
|a SNKLM
|b SNKLM
|y NEVYP
|7 0
|o snklmMK 6771
|8 3
|0 0
|1 0
|4 0
|d 2007-02-01
|l 0
|r 2026-02-24 22:22:39
|w 2026-02-24
|